000 00592nam a2200229Ia 4500
003 OSt
005 20220924152236.0
006 a|||||r|||| 00| 0
007 ta
008 220923b |||||||| |||| 00| 0 mar d
024 _a341667
037 _cTextual
040 _aARTS
_cARTS
_bmar
041 _2mar
_amar
082 _aO155,3N28,13, K6
100 _aNaadkarni Gyaneshwar
_9226216
245 0 _aChidgosh
260 _c1966
650 _aMARATHI LITERATURE
_938000
942 _hO155,3N28,13, K6
_cTEXL
_2CC
999 _c469217
_d469217